| 000 | 00577cam a2200169 4500500 | ||
|---|---|---|---|
| 005 | 20260329005826.0 | ||
| 041 | _afre | ||
| 042 | _adc | ||
| 100 | 1 | 0 |
_aPastorini, Chiara _eauthor |
| 245 | 0 | 0 | _a“Pourquoi c’est difficile d’avoir des amis ?” Les enfants répondent |
| 260 | _c2025. | ||
| 500 | _a19 | ||
| 690 | _aAmitié | ||
| 690 | _aPhilosopher avec les enfants | ||
| 786 | 0 | _nPhilosophie magazine | 188 | 4 | 2025-04-01 | p. 67-67 | 1951-1787 | |
| 856 | 4 | 1 | _uhttps://shs.cairn.info/magazine-philosophie-magazine-2025-4-page-67?lang=fr&redirect-ssocas=7080 |
| 999 |
_c1847012 _d1847012 |
||